LEADER 01296nas# 22003371i 450 001 UON00022981 005 20231205102027.54 011 $a1394-3693 100 $a20020107b19951997 |0itac50 ba 101 $amay$aENG 102 $aMY 105 $a|||| 1|||| 110 $aaA||||||||| 200 1 $aJurnal Persuratan Melayu$dJournal of Malay letters 207 $aVol. 1, no. 1 (1995)-vol. 3 (1997) 210 $aBangi$cUniversiti Kebangsaan$d1995-1997 215 $a3 v.$d22 cm 300 $aAnnuale. 316 $a1 v. (dono prof. Soenoto)$5IT-UONSI A PerMisc 142/1995 (1) 517 1$3UON00354060$aJournal of Malay Letters 620 $aMY$dBangi$3UONL001027 686 $aMY$cMALESIA - PERIODICI$2A 686 $aDONO$cPERIODICI - DONO$2A 686 $aSPENTI$cPERIODICI - SPENTI$2A 712 02$aUniversiti Kebangsan Malaysia$cBangi$3UONV015501 801 $aIT$bSOL$c20240220$gRICA 899 $aSIBA - SISTEMA BIBLIOTECARIO DI ATENEO$2UONSI$41(1995).$cPer Misc 142 ; 912 $aUON00022981 950 $aSIBA - SISTEMA BIBLIOTECARIO DI ATENEO$bSI 1(1995).$dSI A Per Misc 142 1995 (1) $eSI SA 82063 7 1995 (1) 1 v. (dono prof. Soenoto)$sBuono 996 $aJurnal Persuratan Melayu$91321339 997 $aUNIOR LEADER 01787nam0 22004693i 450 001 NAP0632784 005 20251003044256.0 010 $a0198533683 010 $a9780198533689 100 $a20140331d1986 ||||0itac50 ba 101 | $aeng 102 $agb 181 1$6z01$ai $bxxxe 182 1$6z01$an 183 1$6z01$anc$2RDAcarrier 200 1 $aConduction of heat in solids$fby H. S. Carslaw and J. C. Jaeger 205 $a2. ed$b1. paperback ed 210 $aOxford$cClarendon press$d1959 215 $aVIII, 510 p.$cill.$d25 cm. 225 | $aOxford science publications 311 $aLa collezione e presente dopo il 1976.$9LO10007631 410 1$1001LO10007631$12001 $aOxford science publications 606 $aConducibilità termica$2FIR$3SBLC098660$9E 606 $aSolidi$xProprietà termiche$2FIR$3NAPC279578$9I 606 $aCalore$xTrasmissione$2FIR$3CFIC006958$9E 676 $a536$9Calore$v14 676 $a536.23$9Trasmissione del calore. Conduzione$v22 696 $aCorpi$aCorpi solidi$aSolidi 699 $aSolidi$zCorpi 699 $aSolidi$yCorpi solidi 699 $aSolidi$zSolidi 700 1$aCarslaw$b, Horatio Scott$3MILV003137$4070$029552 701 1$aJaeger$b, John Conrad$f <1907-1979>$3MILV003138$4070$0287556 790 1$aJaeger$b, J. C.$3MILV194509$zJaeger, John Conrad <1907-1979> 801 3$aIT$bIT-000000$c20140331 850 $aIT-BN0095 901 $bNAP 01$cSALA DING $n$ 912 $aNAP0632784 950 0$aBiblioteca Centralizzata di Ateneo$c1 v.$d 01SALA DING 536 CAR.co$e 0102 0000044045 VMA A4 1 v. (rist. 2001)$fY $h20021031$i20021031 977 $a 01 996 $aConduction of heat in solids$9345623 997 $aUNISANNIO